000 00843nam a22002057a 4500
005 20240530110556.0
008 160308s2013 ua g 000 0 ara d
017 _a13787
_bمصر . دار الكتب المصرية
020 _a9789773582787
040 _aEG-CaGPL
082 0 4 _221
_a658.404\
_bت ك
100 0 _aتراب ، روجر .
245 1 0 _aكل ما تحتاج الى معرفته عن ادارة الاعمال التجارية و الخدمية /
_cتاليف روجر تراب ؛ ترجمة صلاح الدين حسن السيسى .
250 _aط1.
260 _aالقاهرة :
_bدار الفجر للنشر و التوزيع ،
_c2013 .
300 _a214 ص ؛
_c24 سم .
700 0 _aصلاح الدين حسن السيسى
_eمترجم .
942 _2ddc
_cBK
999 _c62574
_d62574